Normal view
MARC view
Entry Topical Term
001 - CONTROL NUMBER
- control field: 52608
003 - CONTROL NUMBER IDENTIFIER
- control field: OSt
005 - DATE AND TIME OF LATEST TRANSACTION
- control field: 20250505124411.0
008 - FIXED-LENGTH DATA ELEMENTS
- fixed length control field: 250505|| aca||aabn | a|a d
040 ## - CATALOGING SOURCE
- Original cataloging agency: OSt
- Transcribing agency: OSt
150 ## - HEADING--TOPICAL TERM
- Topical term or geographic name entry element: Social Innovation, Social Change, Social Inequalities, Exclusion, Peripheries, The Agency, Hegemonic Perspectives, Tecnologia Social, Decolonial View, North-South Debate, Sociotechnical Reconfiguration, Methodological Tools, Artifacts, Discourses, Decolonizing the Imaginary, Colonial Relationship, Center/Periphery, Young People, Repertoires, Territories, Anthropophagic Approach, Epistemic Justice, Decolonial Thinking, Critical Thinking.
670 ## - SOURCE DATA FOUND
- Source citation: Work cat.: (OSt)526227: Saldanha, F.P., Pozzebon, M. and Delgado, N.A. 52607, Dislocating peripheries to the center: A technological social reinventing repertoires and territories
